000 005710000a22001810004500
003 MACL
005 20160224175019.0
008 160224b xxu||||| |||| 00| 0 eng d
040 _aMACL
_cMACL
041 _aHindi
082 _a537
100 _aकेज जॉन एम
_940214
245 _aऔधोगिक इलेक्‍ट्रोनिकी के सिद्धान्‍त और प्रयोग
260 _bहिन्‍दी समिति
_aलखनउ
350 _a7
650 _aElectronics
_927404
942 _cHIN
_k537
_2ddc
999 _c25529
_d25529